• 首页
  • 本馆介绍
  • 公告通知
  • 最新文献
  • 馆藏检索
  • 电子资源
  • 读者导购
  • 参考咨询
  • 我的图书馆
  • 登录
  • 详细信息显示
  • 放入我的书架
  • 预约/预借图书
  • 作者相关作品
  • 分类相关作品
  • 丛书相关作品
  • 出版社相关作品

书目信息

  • 表格格式
  • 工作单格式
  • 卡片格式
题名:
科学分类手册--地球科学
    
 
作者: ;戴尔格兰姆专业小组 著
分册:  
出版信息: 北京   光明日报出版社  2004
页数: 227页
开本: 21cm
丛书名:
单 册:
中图分类: N62 , P183-62
科图分类:
主题词: 自然科学--手册 , 地球科学--手册 , 自然科学 , 地球科学
电子资源:
ISBN: 7-80145-793-5
000 01003nam0 2200277 450
001 1553209594
005 20150131144729.10
010    @a7-80145-793-5@dCNY22.00
100    @a20050117d2004 em y0chiy50 ea
101 2  @achi@aeng@ceng
102    @aCN@b110000
105    @aa z 001yd
200 1  @a科学分类手册--地球科学@Ake xue fen lei shou ce--di qiu ke xue@e[中英文本]@f(美)戴尔格兰姆专业小组著@g地球学小组译
210    @a北京@c光明日报出版社@d2004
215    @a227页@d21cm
330    @a本书收录了1400多个名词术语,介绍了从古至今的250多位科学家和地球科学家,叙述了人类从古至今3700年的地球科学发展史,包含了有关地球科学的重大发现和重要事件。
510 1  @aFacts on File Science Library@iEarth Science@zeng
606 0  @a自然科学@j手册
606 0  @a地球科学@j手册
606 0  @a自然科学
606 0  @a地球科学
690    @aN62@v4
690    @aP183-62@v4
711 02 @c(美)@a戴尔格兰姆专业小组@Adai er ge lan mu zhuan ye xiao zu@4著
801  0 @aCN@bNLC@c20101222
905    @aZUCC@dN62@eJY2
    
    科学分类手册--地球科学:[中英文本]/(美)戴尔格兰姆专业小组著/地球学小组译.-北京:光明日报出版社,2004
    227页;21cm
    
    
    ISBN 7-80145-793-5:CNY22.00
    本书收录了1400多个名词术语,介绍了从古至今的250多位科学家和地球科学家,叙述了人类从古至今3700年的地球科学发展史,包含了有关地球科学的重大发现和重要事件。
●
相关链接 在E读中查询图书 在五车中查询图书 在当当中查询图书 在豆瓣中查询图书


正题名:科学分类手册--地球科学     索取号:N62/JY2         预约/预借

序号 登录号 条形码 馆藏地/架位号 状态 备注
1 7862007   278620075   学院路分馆/ [索取号:N62/JY2] 在馆    
2 7862008   278620084   学院路分馆/ [索取号:N62/JY2] 在馆    
唐山师范学院图书馆 欢迎您!
大连网信软件有限公司© 版权所有